| 000 | 00978nam a22002297a 4500 | ||
|---|---|---|---|
| 999 |
_c1094 _d1094 |
||
| 003 | AR-CdUCM | ||
| 008 | 190226b ||||| |||| 00| 0 spa d | ||
| 040 |
_aMUNICIPALIDAD PROVINCIAL DEL CUSCO _cBIBLIOTECA MUNICIPAL DEL CUSCO |
||
| 082 |
_a363.70560981 / _bCH61 |
||
| 100 |
_aChirif, Alberto _94261 |
||
| 245 | _aSaqueo Amazónico / | ||
| 260 |
_aIquitos : _bCentro de Estudios Teológicos de la Amazonia; _c1983. |
||
| 300 |
_a201 paginas ; _c21 cm. |
||
| 505 | _aProgramas de desarrollo entre pobladores indígenas de Venezuela -- El colonialismo interno en un país colonizado -- Recientes experiencias de colonización en el Brasil -- La colonización Brasilera de la región fronteriza oriental ... | ||
| 650 |
_aPolítica ambiental _94262 |
||
| 650 |
_aCondiciones sociales _91132 |
||
| 650 |
_aColonización de tierras _94263 |
||
| 650 |
_aProyectos de desarrollo _94264 |
||
| 650 |
_aComunidades indígenas _93290 |
||
| 942 |
_2ddc _cLIBROS |
||
| 945 |
_arum _d2019-02-26 |
||